000 00482nam a2200181Ia 4500
003 GCL
008 140319s9999 xx 000 0 ara d
040 _aGCL /
_cGCL
082 0 4 _a813.03
_bس م
100 1 _aسحر خليفة
245 1 0 _aمذكرات امراة غير واقعية /
_cسحر خليفة
300 _a150 ص
490 _aكتاب
_v0
650 0 4 _aالادب العربى
650 0 4 _aالقصص
650 0 4 _aالادب العالمى
942 _2ddc
_cBK
999 _c41954
_d41954